| 000 | 00593nam a22001937a 4500 | ||
|---|---|---|---|
| 005 | 20250603172105.0 | ||
| 010 | _aENG-134262 ENG-145176 | ||
| 020 |
_a9788178236292 _c140.00 |
||
| 035 | _aEN-117794 | ||
| 035 | _aEN-128708 | ||
| 037 | _bDBAD | ||
| 082 | _a230.66 | ||
| 100 |
_aTapasyananda, Swami _981609 |
||
| 245 |
_aSwami Ramakrishnananda: _bThe Apostle of Sri Ramakrishna To The South/ _cEdited by Walsh Worthy |
||
| 260 |
_aChennai _bSri Ramakrishna Math _c2012 |
||
| 270 |
_aMylapore _bChennai |
||
| 300 |
_aviii, 288p. _c22cm(hb) |
||
| 942 |
_2ddc _cEN _h230.66 _mTAP |
||
| 999 |
_c190771 _d190771 |
||